000 00965nas a2200313 4500
001 BR2010003457
003 BR-BrBNA
005 20231205114147.0
007 ta
008 230509b bl.|||p| |||| 00| 00por d
040 _aBR-BrBNA
_bpor
_cBiblioteca Nacional de Agricultura
041 _a(Pt)
072 _aJ11
100 1 _aMoura, C.F.H.
100 1 _aFigueiredo, R.W. de
100 1 _aAlves, R.E.
100 1 _aSilva, E.de O.
100 1 _aAraújo, P.G. L. de
100 1 _aMaciel, V.T.
245 1 _aAumento da vida útil pós colheita de pedúnculos de cajueiro anão precoce pela redução da temperatura de armazenamento
650 _aCAJU
650 _aPEDÚNCULO
650 _aPÓS-COLHEITA
650 _aARMAZENAMENTO
650 _aTEMPERATURA
773 0 _tCiência e Agrotecnologia (Brazil)
_xISSN 1413-7054
_g(Jan-Feb 2010), v. 34(1) p. 140-145
_wBR2010003457
909 _a202311
_bLúcia
_c55
_dLúcia Elande
942 _2AGRIS
_n0
_cANA
999 _c207358
_d207358